Organisations coopérives. (Record no. 111575)

MARC details
000 -LEADER
campo de control de longitud fija 00401nam a2200145 4500
001 - NÚMERO DE CONTROL
campo de control 111575
003 - IDENTIFICADOR DE NÚMERO DE CONTROL
campo de control ES-MaACL
007 - CAMPO FIJO DE DESCRIPCIÓN FÍSICA--INFORMACIÓN GENERAL
campo de control de longitud fija t|
008 - DATOS DE LONGITUD FIJA--INFORMACIÓN GENERAL
campo de control de longitud fija 061121s1933 sz r ||||1| fre d
245 00 - MENCIÓN DEL TÍTULO
Título Organisations coopérives.
260 ## - PUBLICACIÓN, DISTRIBUCIÓN, ETC.
Lugar de publicación, distribución, etc. Genève :
Nombre del editor, distribuidor, etc. Macon-Protat Frs,
Fecha de publicación, distribución, etc. 1933.
300 ## - DESCRIPCIÓN FÍSICA
Extensión VIII, 201 p. ;
Dimensiones 24 cm.
500 ## - NOTA GENERAL
Nota general Precede al Tit : Bureau International du Travail.
852 ## - LOCALIZACIÓN
Ubicación ES-MaACL
Número de control de estantería C-8299
Holdings
Estatus retirado Estado de pérdida Estado de daño No para préstamo Biblioteca de origen Biblioteca actual Ubicación en estantería Fecha de adquisición Fuente de adquisición Total de préstamos Signatura topográfica completa Código de barras Visto por última vez Precio de reemplazo Tipo de ítem Koha
        Biblioteca del Ateneo de Madrid Biblioteca del Ateneo de Madrid Sala Palomar 17/01/2008     C-8299 1116397 23/02/2023 23/02/2023 Libro impreso